000
00296nam a22001217a 4500
008
170913b xxu||||| |||| 00| 0 eng d
041
_a
eng
080
_a
53
100
_a
43
101
_a
FIZ
245
_a
PHYSICAL METALLURGU OF STRESS CORROSION FRACTURE
_c
RHODIN.TH.N
942
_2
udc
_c
BK
999
_c
27397
_d
27397